Reforming Tax Expenditures in Italy : What, Why, and How? /

The IMF has advised country authorities to roll back tax expenditures as a way to support fiscal consolidation efforts-urging them to evaluate tax expenditures according to clear criteria, and assessing their impact on public finances, economic efficiency, equity, and administrative and compliance c...

Descripció completa

Dades bibliogràfiques
Autor principal: Tyson, Justin
Format: Revista
Idioma:English
Publicat: Washington, D.C. : International Monetary Fund, 2014.
Col·lecció:IMF Working Papers; Working Paper ; No. 2014/007
Accés en línia:Full text available on IMF
LEADER 01505cas a2200241 a 4500
001 AALejournalIMF014155
008 230101c9999 xx r poo 0 0eng d
020 |c 5.00 USD 
020 |z 9781484370773 
022 |a 1018-5941 
040 |a BD-DhAAL  |c BD-DhAAL 
100 1 |a Tyson, Justin. 
245 1 0 |a Reforming Tax Expenditures in Italy :   |b What, Why, and How? /  |c Justin Tyson. 
264 1 |a Washington, D.C. :  |b International Monetary Fund,  |c 2014. 
300 |a 1 online resource (16 pages) 
490 1 |a IMF Working Papers 
500 |a <strong>Off-Campus Access:</strong> No User ID or Password Required 
500 |a <strong>On-Campus Access:</strong> No User ID or Password Required 
506 |a Electronic access restricted to authorized BRAC University faculty, staff and students 
520 3 |a The IMF has advised country authorities to roll back tax expenditures as a way to support fiscal consolidation efforts-urging them to evaluate tax expenditures according to clear criteria, and assessing their impact on public finances, economic efficiency, equity, and administrative and compliance costs. This paper analyzes tax expenditures in Italy, considering the extent to which tax expenditures can be considered part of an optimal tax system and possible reforms. 
538 |a Mode of access: Internet 
830 0 |a IMF Working Papers; Working Paper ;  |v No. 2014/007 
856 4 0 |z Full text available on IMF  |u http://elibrary.imf.org/view/journals/001/2014/007/001.2014.issue-007-en.xml  |z IMF e-Library